Účetníctví v organizacích zahraničního obchodu příklady a úlohy

Salvato in:
Dettagli Bibliografici
Autore principale: Pilný, Vladimír
Ente Autore: Vysoká škola ekonomická v Praze. Fakulta řízení
Altri autori: Doležal, Jan
Natura: Libro
Lingua:ceco
Pubblicazione: Praha Státní pedagogické nakladatelství 1985
Tags: Aggiungi Tag
Nessun Tag, puoi essere il primo ad aggiungerne!!

MARC

LEADER 00000nam a2200000 4500
001 c105137
005 20190423104107.3
041 0 |a cze 
044 |a CZ 
245 1 0 |a Účetníctví v organizacích zahraničního obchodu  |b příklady a úlohy  |c Vladimír Pilný, Jan Doležal 
264 1 |a Praha  |b Státní pedagogické nakladatelství  |c 1985 
300 |a 153 s 
100 1 |a Pilný, Vladimír 
700 1 |a Doležal, Jan 
710 2 |a Vysoká škola ekonomická v Praze. Fakulta řízení